Central Library OPAC University of Rajshahi

International business : (Record no. 60729)

MARC details
000 -LEADER
fixed length control field 00946nam a2200277 a 4500
001 - CONTROL NUMBER
control field 60729
003 - CONTROL NUMBER IDENTIFIER
rucl marc code BD-RjUL
005 - DATE AND TIME OF LATEST TRANSACTION
control field 20211209080857.0
008 - FIXED-LENGTH DATA ELEMENTS--GENERAL INFORMATION
fixed length control field 170102s2004 mauabf b 001 0 eng
020 ## - INTERNATIONAL STANDARD BOOK NUMBER
International Standard Book Number 8129704110
035 ## - SYSTEM CONTROL NUMBER
System control number (BjULD-R)60853
040 ## - CATALOGING SOURCE
Original cataloging agency BD-RjUL
Transcribing agency BD-RjUL
Modifying agency BjULD-R
Language of cataloging eng
041 ## - LANGUAGE CODE
Language code of text/sound track or separate title eng
082 04 - DEWEY DECIMAL CLASSIFICATION NUMBER
Classification number 658.18
Edition number 23
Author mark and year DAI 2004
100 1# - MAIN ENTRY--PERSONAL NAME
Personal name Daniels, John D.
9 (RLIN) 177230
245 10 - TITLE STATEMENT
Title International business :
Remainder of title environments and operations /
Statement of responsibility, etc. John D. Daniels, Lee H. Radebaugh and Daniel P. Sullivan.
260 ## - PUBLICATION, DISTRIBUTION, ETC. (IMPRINT)
Place of publication, distribution, etc. India. :
Name of publisher, distributor, etc. Pearson Education Pte. Ltd.,
Date of publication, distribution, etc. 2004.
300 ## - PHYSICAL DESCRIPTION
Pagination xxxiii, 700 :
Illustrations ill. ;
Size 25 cm.
504 ## - BIBLIOGRAPHY, ETC. NOTE
Bibliography, etc Includes bibliographies and indexes.
650 #0 - SUBJECT ADDED ENTRY--TOPICAL TERM
Topical term or geographic name as entry element International business enterprises.
9 (RLIN) 175561
Topical term or geographic name as entry element International economic relations.
9 (RLIN) 172391
Topical term or geographic name as entry element Investments, Foreign.
9 (RLIN) 177231
700 1# - ADDED ENTRY--PERSONAL NAME
Personal name Radebaugh, Lee H.
Personal name Sullivan, Daniel P.
942 ## - ADDED ENTRY ELEMENTS (KOHA)
Source of classification or shelving scheme Dewey Decimal Classification
Koha item type Books
Holdings
Lost status Source of classification or shelving scheme Damaged status Not for loan Collection code Permanent Location Current Location Shelving location Date acquired Source of acquisition Cost, normal purchase price Total Checkouts Full call number Date last seen Copy number Koha item type
  Dewey Decimal Classification   Not For Loan Non-fiction Central Library, University of Rajshahi Central Library, University of Rajshahi Reading Room 04/06/2007 Dhaka, Paragon Enterprises Ltd. 399.00   658.18 DAI 2004 02/01/2017 C-1 Books